[Event "YUG-ch 55th"]
[Site "Subotica"]
[Date "2000.03.26"]
[Round "9"]
[White "Tosic, Miroslav"]
[Black "Perunovic, Milos"]
[Result "1/2-1/2"]
[WhiteElo "2503"]
[BlackElo "2384"]
[Annotator "Alterman,B"]
[PlyCount "114"]
[EventDate "2000.03.16"]
[EventType "tourn"]
[EventRounds "15"]
[EventCountry "YUG"]
[EventCategory "10"]
[SourceTitle "CBM 076"]
[Source "ChessBase"]
[SourceDate "2000.05.31"]
[SourceVersion "1"]
[SourceVersionDate "2000.05.31"]
[SourceQuality "1"]

1. d4 Nf6 2. g3 e6 3. Bg2 c5 4. Nf3 Nc6 5. O-O cxd4 6. Nxd4 Qb6 7. Nb3 d5 8.
N1d2 Be7 9. e4 dxe4 10. Nxe4 O-O 11. Nd6 $146 {This move doesn't promise any
special advantage for white. Black has active pieces and pressure over the
open files in the centre.} (11. Be3 Qc7 12. Nxf6+ Bxf6 13. c3 b6 14. Qe2 Bb7
15. a4 Ne5 16. Bxb7 Qxb7 17. f4 Nd7 18. Rfd1 Rad8 19. Qg2 Qc7 20. Qe4 $15 {
0-1 Kekki,J-Granthal,R/FIN 1997/EXT 99 (26)}) 11... Rd8 12. Nxc8 Raxc8 $15 {
[%cal Gd8d1,Gc8c1]} 13. Qe2 Nd5 14. a4 (14. c3 a5 {[%cal Ra5a4]}) 14... Bf6 {
[%cal Gf6b2]} 15. a5 {[%csl Rb3]} Qc7 (15... Nd4 16. Nxd4 Qxd4 17. c3 $11) 16.
c3 Ne5 {[%csl Rc1][%cal Ge5c4]} 17. a6 b6 18. Nd4 Qe7 19. Rd1 Nc4 20. Bf3 Qe8 (
{Deserved attention} 20... Na5 $1 {[%cal Gf6d4]} 21. Nb5 Nb3 $1 $15) 21. Be4 b5
22. Nc2 Rd6 (22... Qe7) 23. Bxd5 Rxd5 24. Rxd5 exd5 25. Qxe8+ Rxe8 26. Kf1 h6
27. Ra2 g5 28. Be3 {[%cal Gf1e2]} Nxe3+ 29. fxe3 (29. Nxe3 d4 30. Nd5 Bg7 31.
Nc7 Rb8 32. Ra5 dxc3 33. bxc3 b4 $11) 29... Bd8 $1 {Important maneuvre. Black
transport his bishop to protect the queenside and to attack the e3-pawn.} 30.
Ra1 Bb6 31. Rd1 Re5 32. Nb4 Rxe3 33. Rxd5 $2 {[%mdl 8192] Blunder in the
Zeitnot. Better was} (33. Nxd5 $1 Re6 $11) 33... Rf3+ 34. Ke1 Rf2 $1 $132 {
[%cal Gf2b2,Gf2h2]} 35. Rd2 Rf6 $1 {[%csl Ra6][%cal Gf6a6]} 36. Kd1 $2 {
[%cal Gd1c2,Gc2b3] Now black gets a pawn without compensation. Drawing the
king to the queenside loses the pawn on a6.} (36. Nd5 $1 Re6+ 37. Re2 Rd6 38.
Nxb6 Rxb6 39. Re5 $11) 36... Bc5 $1 37. Rd8+ Kg7 38. Nd3 Bg1 39. h4 gxh4 40.
gxh4 Rxa6 41. Rd5 $17 Rb6 42. b4 a6 43. Kc2 Re6 44. Kb3 Kf6 45. Rd7 Be3 46. Kc2
Kg6 47. h5+ Kxh5 48. Rxf7 Kg4 $2 {Gives for white strong counterplay. After} (
48... Kg6 $1 49. Rc7 h5 50. c4 h4 $1 $17 {Black is winning.}) 49. Rg7+ Kf3 50.
Rh7 Kg4 51. Nc5 $1 $44 {[%cal Gc5a6]} Rg6 (51... Bxc5 52. bxc5 Rc6 53. Kd3 $11)
52. Kd3 Bg1 53. Nxa6 Rxa6 54. Rg7+ Kf3 55. Rxg1 Rd6+ 56. Kc2 Rd5 57. c4 bxc4
1/2-1/2

[Event "MK Cafe Cup-A"]
[Site "Koszalin"]
[Date "1999.08.03"]
[Round "1"]
[White "Rajlich, Iweta"]
[Black "Marin, Mihail"]
[Result "1/2-1/2"]
[WhiteElo "2395"]
[BlackElo "2548"]
[Annotator "Alterman,B"]
[PlyCount "59"]
[EventDate "1999.08.03"]
[EventType "swiss"]
[EventRounds "9"]
[EventCountry "POL"]
[SourceTitle "CBM 073"]
[Source "ChessBase"]
[SourceDate "1999.12.01"]
[SourceVersion "1"]
[SourceVersionDate "1999.12.01"]
[SourceQuality "1"]

1. d4 Nf6 2. Nf3 e6 3. Bg5 h6 4. Bh4 (4. Bxf6 Qxf6 5. e4 d6 {'!?' Stohl.} (5...
Nc6 $5 6. g3 e5 7. d5 Nd4 8. Nxd4 exd4 9. Nd2 g6 10. f4 Bg7 11. Bh3 $1 Qb6 12.
Rb1 O-O 13. O-O d6 14. Bxc8 d3+ 15. Kg2 dxc2 16. Qxc2 Raxc8 17. Nc4 Qb5 18. a4
$14 {Rustemov,A-Sokolov,A/RUS-ch Elista/1995/}) 6. Nc3 a6 7. Qd2 Nd7 8. O-O-O)
4... d6 (4... c5 $10 {Stohl}) 5. c3 {'!?' Marin,M.} (5. e3 g5 6. Bg3 Nh5) (5.
h3 {Stohl} Be7 (5... b6 6. Nbd2 Bb7 7. e3 Nbd7 8. Bd3 g5 9. Bg3 Bg7 10. Qe2 Qe7
11. c3 a6 12. O-O O-O 13. Nh2 Nd5 14. Rae1 f5 15. e4 Nxc3 $1 16. bxc3 f4 17.
Bxf4 Rxf4 18. g3 Rf7 19. f4 gxf4 20. gxf4 Raf8 21. Qe3 Qh4 $40 {Yedidia,
J-DeFirmian,N/World Open/1995/}) 6. Nbd2 O-O 7. c3 b6 8. e4 Bb7 9. Bd3 Nh5 10.
Bxe7 Qxe7 11. g3 Nd7 12. Qe2 c5 13. O-O {1/2:1/2,Assmann,T-Franco,Z/Lugano op/
1989/ (22)}) (5. Nbd2 {Stohl} g5 6. Bg3 Nh5 7. e3 Bg7 8. Bd3 (8. Be2 Nxg3 9.
hxg3 Nd7 10. c3 b6 11. a4 a6 {Tsorbatzoglou,T-Miles,A/Katerini op/1992/ (21)})
(8. c3 Nd7 9. Be2 Ndf6 10. O-O Qe7 11. e4 Nxg3 12. hxg3 O-O 13. Bd3 b6 14. Qe2
Bb7 15. Ba6 Bc6 16. Bb5 Bb7 17. Ba6 Bc6 $10 {1/2/Seirawan,Y-Ehlvest,J/
Skelleftea WCup/1989/}) (8. Ng1 Nxg3 9. hxg3 c5 10. c3 d5 11. f4 Bd7 12. Ngf3
Nc6 13. Nb3 b6 14. Qc2 {1/2-1/2 Kharitonov,A-Aseev,K/Leningrad 1989/TD (14)})
8... Nd7 9. c3 Qe7 10. a4 (10. Ng1 Nxg3 11. hxg3 Nf6 12. Qf3 g4 13. Qd1 Bd7 14.
Ne2 h5 15. Qc2 O-O-O 16. O-O-O Kb8 17. Rh2 c5 18. Rdh1 cxd4 19. exd4 e5 20. Kb1
Bc6 21. Bf5 Rhe8 $13 {Illner,A-Ionov,S/Dortmund Op-A/1992/})) 5... Nbd7 {
'?!' Marin,M. '!?' Stohl.} (5... Nc6 $5 6. Nbd2 g5 7. Bg3 Nh5 8. e4 Bg7 9. Bd3
O-O {/\ Bd7, a5, Qe7}) (5... g5 $6 6. Bg3 Nh5 7. e4 Bg7 8. Nfd2 $1 (8. Bd3 $142
$13 {Stohl}) (8. Na3 O-O (8... Nd7 9. Bd3 Qe7 $13) 9. Nd2 Nxg3 {1-0 Miles,
A-Garcia Ilundain,D/Benasque 1995/CBM 50/[Stohl] (46)}) 8... Nxg3 9. hxg3 $14
Nc6 10. Na3 O-O 11. Bd3 f5 12. exf5 (12. Qe2 {Stohl} a6 $5 13. Nc2 b5 $132)
12... exf5 13. O-O Kh8 (13... a6 14. Nc2 d5 15. f4 Qd6 $132 16. fxg5 $6 Qxg3
17. gxh6 Bxh6) 14. Re1 a6 15. Nc2 (15. Nac4 {Stohl /\Ne3=}) 15... d5 16. f4 $1
(16. Nf3 $2 Qd6 17. Qe2 Bd7 18. Ne5 Rae8 19. f4 Nxe5 20. fxe5 (20. dxe5 Qb6+
21. Nd4 $2 (21. Kh1 $142 Qxb2) 21... c5 22. Nf3 c4+ $19) 20... Qb6 21. Ne3 (21.
Rab1 Rxe5 $1) 21... Bxe5 22. dxe5 f4 $17) 16... g4 {()} (16... Qd6 17. fxg5
Qxg3 18. gxh6 Bxh6 19. Qh5 $36) (16... Qf6 17. Nf3 $16) 17. Nb3 {0-1 Matlak,
M-Marin,M/Odorheiu Secuiesc 1995/CBM 47/[Marin,M] (51)}) 6. Nbd2 g5 7. Bg3 Nh5
{'~~' Marin,M.} 8. e4 Bg7 9. Nc4 (9. Bd3 O-O (9... b6 10. O-O Bb7 11. Qe2 a6
12. Nc4 Qe7 13. b4 O-O 14. e5 Nxg3 15. fxg3 a5 16. exd6 cxd6 17. bxa5 bxa5 18.
Rab1 Nf6 19. Nb6 Rab8 20. Nd2 Qc7 21. Ndc4 d5 22. Ne5 Bc6 23. Rxf6 Bxf6 24. Qh5
Bxe5 25. Qxh6 Bxd4+ 26. cxd4 f6 27. Qh3 Rf7 {0-1 Schulz,M-Wojtkiewicz,A/
Cattolica 1989/EXT 97 (27)}) 10. Qb3 Kh8 $2 (10... a6 11. O-O-O (11. a4 $5)
11... b5 $13) 11. O-O-O $1 a6 $6 (11... f5 $2 12. h4 g4 13. Ng5 $1 hxg5 14.
hxg5 Qxg5 15. exf5 exf5 16. Rh2 $16 Ndf6 17. Bh4 Qg6 18. Bxf6 Rxf6 19. Rdh1) (
11... Kg8) 12. Bb1 $1 g4 $5 (12... b5 $2 13. e5 $1 {/\Qc2 +-}) (12... e5 13.
dxe5 dxe5 14. Qd5 $16) 13. Bh4 $1 {1/2-1/2 Miles,A-Marin,M/Andorra 1995/CBM 48/
[Marin,M] (22)} (13. Nh4 Qg5 $13)) 9... Qe7 10. Nfd2 Nxg3 11. hxg3 c5 {[%csl
Gd6]} (11... b6 12. Bd3 Bb7) 12. dxc5 Nxc5 13. Ne3 Bd7 14. a4 Bc6 15. Bb5 {
[%csl Gc6][%cal Gb5e8] Important move. White didn't get any opening advantage
and change black active bishop.} Qd7 (15... Bxb5 16. axb5 Nd3+ 17. Ke2 Nxb2 $2
18. Qb3 $18) 16. Bxc6 Qxc6 17. O-O O-O (17... Nxe4 $6 18. Nxe4 Qxe4 19. Qxd6
$16) 18. f3 a5 (18... Rfd8) 19. Nb3 Nxb3 20. Qxb3 Rfb8 21. Qb5 $1 {[%mdl 32]}
Qxb5 22. axb5 a4 (22... Rc8 23. Rad1 Bf8 24. Rd3 $14) 23. Rfd1 Ra5 24. Nc4 Rxb5
25. Rxa4 d5 26. exd5 exd5 27. Ra5 Rb3 28. Raxd5 (28. Rdxd5 b5 29. Nd6 Rxb2 30.
Raxb5 Bxc3 31. Rxb8+ Rxb8 32. Nf5 $14) 28... b5 29. Nd6 Rxb2 30. Ne4 1/2-1/2

[Event "Novak Nikolic Memorial 2nd"]
[Site "Belgrade"]
[Date "2000.02.10"]
[Round "8"]
[White "Zontakh, Andrey"]
[Black "Popchev, Milko"]
[Result "1/2-1/2"]
[WhiteElo "2576"]
[BlackElo "2510"]
[Annotator "Alterman,B"]
[PlyCount "97"]
[EventDate "2000.02.02"]
[EventType "tourn"]
[EventRounds "11"]
[EventCountry "YUG"]
[EventCategory "11"]
[SourceTitle "CBM 076"]
[Source "ChessBase"]
[SourceDate "2000.05.31"]
[SourceVersion "1"]
[SourceVersionDate "2000.05.31"]
[SourceQuality "1"]

1. d4 Nf6 2. Nf3 b5 3. Bg5 Bb7 4. Nbd2 a6 5. a4 (5. c4 bxc4 6. Nxc4 e6 7. a3
Be7 8. e3 O-O 9. Bd3 a5 10. Qc2 h6 11. h4 d6 12. Bxf6 Bxf6 13. e4 Nd7 14. e5
Be7 15. Rh3 Kh8 16. Qd2 dxe5 17. Ncxe5 Nxe5 18. dxe5 Bd5 19. Qf4 {0-1
Porrasmaa,T-Van der Erf,R/Hoogeveen 1999/EXT 2000 (27)}) 5... bxa4 $6 $146 {
[%mdl 16384]} (5... b4 6. c4 e6 7. e3 c5 8. Bd3 Be7 9. O-O d6 10. Re1 Nbd7 11.
Rc1 h6 12. Bxf6 Nxf6 13. Bb1 Qc7 14. Qe2 g5 15. Red1 g4 16. Ne1 h5 17. d5 O-O-O
18. Ne4 Nh7 19. f4 {1/2-1/2 Ribli,Z-Miles,A/Bled 1979/MCL (28)}) (5... d6 6.
Bxf6 gxf6 7. axb5 axb5 8. Rxa8 Bxa8 9. e4 c6 10. Bd3 Nd7 11. O-O e6 12. Qa1 Be7
13. Qa7 O-O 14. Ra1 Qc8 15. d5 Re8 16. dxc6 Bxc6 17. Nd4 Ne5 18. N2b3 Bd7 19.
Bf1 Bf8 20. c3 {Karpov,A-Ljubojevic,L/Monte Carlo 1994/CBM 40 ext/1-0 (50)}) (
5... Qc8 6. axb5 axb5 7. e3 Rxa1 8. Qxa1 b4 9. Bd3 e6 10. O-O Be7 11. c3 Nc6
12. e4 bxc3 13. bxc3 h6 14. Bf4 O-O 15. h3 d6 16. Rb1 Qa8 17. Qb2 Ba6 18. Bxa6
Qxa6 19. Qb7 Qxb7 20. Rxb7 {Vaisman,V-Ruiz,R/FRA 1994/EXT 99/1/2-1/2 (56)}) 6.
c3 e6 7. e4 (7. e3) 7... h6 8. Bxf6 Qxf6 9. Bd3 c5 10. O-O $1 {Black played
very risky in the opening and white's development advantage becomes really
dangerous.} (10. e5 Qd8 11. dxc5 Bxc5 12. Rxa4 $5 {[%csl Rg7][%cal Ga4g4]})
10... cxd4 11. cxd4 Nc6 12. Rxa4 a5 13. d5 $1 {Black's position is critical.
All white's pieces take part in the attack.} Nb4 $13 (13... exd5 $2 14. exd5 {
[%csl Ye4][%cal Gf1e1,Gd2e4]}) 14. e5 Qf4 (14... Qd8 15. dxe6 Nxd3 16. exf7+
Ke7 17. Nh4 $18) 15. dxe6 (15. h3 $5 h5 $8 16. dxe6 fxe6 17. Bg6+ Kd8 18. Qa1
$18) 15... fxe6 (15... dxe6 16. Bb5+ Ke7 17. Nb3 Rd8 18. Qc1 $18) 16. Bg6+ Kd8
17. Re1 $2 {[%mdl 8192] First miss.Much stronger was} (17. Qa1 $1 $16 {[%csl
Ra5]}) 17... Bc6 18. Ra3 Qg4 19. Be4 Nd5 $1 $132 20. h3 Qf4 21. Rd3 Bb4 22. g3
Qf7 23. Nd4 Rf8 $2 {[%mdl 8192] Black just finished their development and it
was the time for some prophilactic} (23... Bb7 $5) 24. Nxc6+ {Now white in the
second time has a winning position} dxc6 25. Qe2 (25. Rf3 $5 Qe7 26. Rxf8+ Qxf8
27. Qc2 $1 $36) 25... Rb8 26. Rc1 $1 Qd7 27. Nf3 (27. Nb3 Rb5 28. Qg4 $1 {
[%csl Re6][%cal Gb3d4]}) 27... Rb5 28. Rc4 Bc5 29. Rd2 (29. Qc2 Qa7 30. Nd4
Bxd4 31. Rdxd4 Qb6 32. Rd2 $16) 29... Qa7 30. Rdc2 Rf7 31. Kg2 {Much stronger
was.} (31. Qd1 $1 {[%cal Gd1c1,Rc1c6]} a4 32. Nd4 Bxd4 33. Rxd4 Qb6 34. Bg6 Rd7
35. Rdd2 {[%cal Gd1g4]} Rb4 36. Qf3 $18 {[%csl Rd8][%cal Gf3f8] And black has
no defence.}) 31... g5 32. Qd2 Rd7 33. Qc1 Be3 $1 {[%mdl 64] Nice tactical
trick.White can't take the bishop} (33... Bxf2 34. Bxd5 exd5 35. Rxc6 $18) 34.
Qf1 (34. fxe3 Nxe3+ 35. Kh1 Nxc4 36. Bxc6 Rbd5 37. Bxd5 exd5 $13) 34... Bc5 35.
Qe2 Qb6 $132 36. Ne1 Nb4 37. Rd2 Rxd2 38. Qxd2+ Nd5 39. Nd3 Be7 40. Qc2 Kd7 41.
Bf3 Qa6 $2 {Blunder in the time trouble.} 42. Bg4 $2 {Last mistake.,after} (42.
Nc5+ Bxc5 43. Rxc5 $18 {[%csl Rd6][%cal Gc2h7] Black's may resign.}) 42... Nc7
43. Rd4+ Rd5 44. Nc5+ Bxc5 45. Qxc5 Rxd4 46. Qxd4+ Kc8 47. Qd6 Qc4 48. Bf3 Kb7
49. b3 1/2-1/2

[Event "Budapest FS02 GM"]
[Site "Budapest"]
[Date "2000.02.09"]
[Round "5"]
[White "Wang, Rui"]
[Black "Szabo, Zsolt Jozsef"]
[Result "1-0"]
[WhiteElo "2496"]
[BlackElo "2429"]
[Annotator "Alterman,B"]
[PlyCount "109"]
[EventDate "2000.02.05"]
[EventType "tourn"]
[EventRounds "13"]
[EventCountry "HUN"]
[EventCategory "9"]
[SourceTitle "CBM 076"]
[Source "ChessBase"]
[SourceDate "2000.05.31"]
[SourceVersion "1"]
[SourceVersionDate "2000.05.31"]
[SourceQuality "1"]

1. d4 Nf6 2. Nf3 e6 3. g3 b5 4. Bg2 Bb7 5. O-O Be7 6. Re1 (6. Nbd2 c5 7. dxc5
Bxc5 8. c4 bxc4 9. Nxc4 O-O 10. Bd2 (10. b4 Be7 11. Bb2 Bd5 12. Ncd2 Qb6 13. a3
a5 14. Re1 axb4 15. e4 Bc6 16. axb4 Rxa1 17. Bxa1 Qxb4 18. Nd4 Ba4 19. Qc1 Nc6
20. Nxc6 Bxc6 21. e5 {0-1 Khechumyan,G-Parkanyi,A/Budapest HUN 2000 (28)})
10... d5 11. Na5 Ba6 12. b4 Bb6 13. Nb3 Nbd7 14. a4 Bc4 15. Bc3 Ne4 16. Bb2
Ndf6 17. Nbd4 Qd6 18. b5 Ng4 19. Ba3 {0-1 Urban,K-Kiselev,S/Katowice 1992/TD 
(26)}) 6... O-O 7. Qd3 b4 8. e4 d5 $146 (8... d6 9. Bf4 Nbd7 10. c4 e5 11. Bd2
exd4 12. Nxd4 Re8 13. a3 a5 14. Nf5 Bf8 15. f3 g6 16. Ne3 Nc5 17. Qc2 b3 18.
Qd1 Nh5 19. Bc3 a4 20. Nd5 c6 21. Nb4 Ne6 22. Nd2 d5 $1 $17 {0-1 Kerek,
C-Shrentzel,I/Budapest 1992/EXT 97 (29)}) 9. exd5 Nxd5 (9... Bxd5) 10. Nbd2 Nd7
11. Ne4 h6 $6 {[%mdl 16384]} (11... c5 $5 12. Nfg5 (12. Neg5 N5f6) 12... g6 13.
Nf3 {[%cal Gc1h6]}) 12. Ne5 Rb8 13. Qe2 $1 {[%mdl 2048] White avoid exchanging
the pieces and black's position becomes unpleasant.} N7f6 14. Nc5 Qc8 (14...
Bxc5 15. dxc5 Qe8 16. a3 $16) 15. a3 $1 $16 {[%csl Rb4,Gc5][%cal Ga1a7][%mdl
32] Open the lines in the Queen side.} Bxc5 16. dxc5 Ba6 17. Qf3 Qb7 18. b3 (
18. axb4 $1 Nxb4 19. Qd1 Qc8 20. c3 Rd8 21. Bd2 Nd3 22. Nc6 $16) 18... Qb5 (
18... Rfd8 19. Bb2 $16) 19. Be3 Bb7 20. c6 $1 Bxc6 (20... Nxe3 21. Qxe3 $18)
21. Bxa7 Ra8 22. axb4 Bb7 23. Ra4 $5 {[%cal Gc2c4] More precising was} (23. c3
$1 {[%csl Rb5][%cal Ga1a5]} Nxc3 24. Qxb7 Ne2+ 25. Kh1 Qxe5 26. Bf3 $18) 23...
Rxa7 24. Rxa7 Qxb4 25. Nd3 $18 Qb6 26. Rea1 Bc8 27. Nf4 Nb4 28. Qe2 e5 29. Nd3
{White has exchange up and easy winning position.} (29. Qxe5 Nxc2) 29... Ba6
30. Qe3 Bxd3 31. Qxb6 cxb6 32. cxd3 Kh7 33. Be4+ Nxe4 34. dxe4 Nc2 35. Ra8 Rxa8
36. Rxa8 Nd4 37. b4 Nc6 38. Ra6 Nxb4 39. Rxb6 Nc2 40. f3 Nd4 41. Kf2 g5 42. Rd6
Kg7 43. Rd5 Nc6 44. Ke3 f6 45. Rd6 Ne7 46. Rd7 Kf7 47. Ra7 h5 48. Kd3 {[%cal
Gd3c4,Gc4c5]} h4 49. gxh4 gxh4 50. Ke3 {[%cal Ge3f2,Gf2g2,Gg2h3]} Ke6 51. Kf2
Ng6 52. Rg7 Nf4 53. Rg4 h3 54. Ke3 {[%cal Gg4f4]} f5 55. Rxf4 1-0

[Event "Czerniak Memorial 15th"]
[Site "Tel Aviv"]
[Date "1999.04.05"]
[Round "6"]
[White "Blees, Albert"]
[Black "Alterman, Boris"]
[Result "0-1"]
[WhiteElo "2430"]
[BlackElo "2615"]
[Annotator "Alterman,B"]
[PlyCount "110"]
[EventDate "1999.03.??"]
[EventType "tourn"]
[EventRounds "9"]
[EventCountry "ISR"]
[EventCategory "10"]
[SourceTitle "CBM 071"]
[Source "ChessBase"]
[SourceDate "1999.08.01"]
[SourceVersion "1"]
[SourceVersionDate "1999.08.01"]
[SourceQuality "1"]

1. d4 Nf6 2. Nf3 e6 3. Bg5 c5 4. e3 h6 5. Bh4 Be7 6. Nbd2 b6 7. c3 O-O 8. Bd3
Bb7 9. O-O Nc6 10. Qe2 cxd4 (10... Rc8 11. e4 Nh5 12. Bxe7 Qxe7 13. g3 cxd4 14.
Nxd4 Nf6 15. e5 Ne8 16. Nxc6 Bxc6 17. Be4 d6 18. Bxc6 $11 {Pribyl,M-Panchenko,
A/Belgorod-B 1991/TD 91\03/0-1 (51)}) (10... d5 11. Rad1 Rc8 12. Rfe1 a5 13.
Bg3 Nh5 14. Ne5 Nxg3 15. hxg3 Bd6 16. Ndf3 Bxe5 17. Nxe5 Nxe5 18. dxe5 Qg5 $15
{Bukh,B-Shaposhnikov,E/RUS-Cup1 Chigorin mem 1996/EXP 56/0-1 (52)}) (10... d6
11. Rad1 Qc7 (11... Nh5 12. Bg3 Nxg3 13. hxg3 a6 14. g4 Re8 15. Nh2 Bf8 16. f4
cxd4 17. exd4 e5 18. fxe5 Qd7 19. Ne4 dxe5 20. Bc4 Nd8 21. dxe5 Qc6 22. Bd5 Qc7
23. Bxb7 Qxb7 24. Nf3 Qc7 25. g5 Nc6 26. gxh6 Nxe5 27. Nfg5 f6 28. hxg7 $16 {
1-0 Kovacevic,S-Ikonnikov,V/Pula op 1990/TD 90\01 (40)}) 12. e4 cxd4 13. Nxd4
Nd7 14. Nb5 Qb8 15. Bg3 a6 16. Nd4 b5 17. Bb1 Nxd4 18. cxd4 Qa7 19. Nf3 Rfd8
20. Bf4 Rac8 21. Rfe1 Qb6 22. Be3 Qc7 23. Rc1 Qb8 24. Rxc8 Rxc8 25. Qd3 Qc7 26.
Bd2 Qc4 27. Qe3 Qc7 28. Bb4 a5 29. Bd2 b4 30. h3 Qb6 31. Qf4 {1/2-1/2 Nun,
J-Bukal,V/Stary Smokovec 1980/MCD-r8}) (10... Nd5 11. Bg3 f5 12. e4 fxe4 13.
Qxe4 Nf6 14. Qe2 Nd5 15. dxc5 bxc5 16. Bc2 Qe8 17. Qd3 Nf6 18. Nh4 Qh5 19. Ng6
Rfe8 20. Qb5 Nd8 21. Nf4 Qg5 22. h4 Qg4 23. Nc4 Bc6 24. Qa6 Bb7 25. Qa3 {
1-0 Schneider,B-Sutterer,R/Endingen MA 1987/GER 04}) (10... Rb8 11. a3 d6 12.
Rad1 Nh5 13. Bxe7 Qxe7 14. Bb1 Rbd8 15. g3 g6 16. Nh4 Kg7 17. f4 Nf6 18. Qd3
Qe8 19. e4 cxd4 20. cxd4 Ne7 21. e5 dxe5 22. fxe5 Nfg8 23. Ne4 Bxe4 24. Qxe4
Nd5 25. Rf2 Nge7 26. g4 $15 {Machulsky,A-Oll,L/Malaga op 1991/EXT 91op/0-1 (54)
}) 11. Bxf6 (11. exd4 Nd5 (11... Nh5 12. Bg3 (12. Bxe7 Nxe7 13. g3 f5 14. Ne5
Nf6 15. Rae1 Qc7 16. f4 Rae8 17. Bb5 Kh7 18. Qc4 Rc8 19. Qxc7 {1/2-1/2
Tseitlin,M-Conquest,S/Hastings Challengers 1990/EXP 21}) 12... d6 (12... Nxg3
13. fxg3 Qc7 14. g4 Rae8 15. Rae1 d6 16. Bb1 Qc8 17. Ne4 Ba6 18. Qc2 f5 19.
gxf5 exf5 20. Rf2 g6 21. d5 Ne5 22. Nxe5 dxe5 23. d6 $132 {1/2-1/2 Shadarevian,
M-Escalante,R/Dubai olm 1986/TD 86\02 (59)}) 13. Rae1 Re8 14. Bb1 Nb8 15. Ne4
Ba6 16. c4 Nxg3 17. fxg3 Nd7 18. Qd3 Nf8 19. d5 e5 20. Nfd2 Bc8 21. Nc3 Bg5 22.
Nde4 Be7 23. Qe2 Bd7 24. Rf2 f5 25. Nd2 $14 {Kovacevic,V-Makarichev,S/Sarajevo
1982/MCD-r8/1-0 (61)}) 12. Bxe7 Qxe7 13. g3 d6 14. Rae1 Rae8 15. Qd1 Qd8 16. a3
a6 17. Bb1 Nf6 18. Nh4 e5 19. Nf5 d5 20. dxe5 Nxe5 21. f4 Nc6 22. Nf3 g6 23.
N5d4 Ne4 24. Nxc6 Bxc6 25. Nd4 $14 {1/2-1/2 Rossetto,H-Grinberg,R/Club
Argentino 1975/MCD-r7 (41)}) (11. cxd4 Nb4 12. Bc4 a6 13. a3 Nbd5 14. Rfc1 d6
15. h3 Nh5 16. Bxe7 Qxe7 17. Nh2 Nhf6 18. Qd1 Rfc8 19. Bf1 Qd8 20. Rxc8 Rxc8
21. Rc1 Rc7 22. Rxc7 $11 {1/2-1/2 Lezcano Jaen,P-San Segundo,P/ESP-ch Lleida
1991/EXT 91ch (39)}) (11. Nxd4 Qc8 12. Bg3 d5 13. Rac1 Re8 14. Rfd1 Bc5 15.
N2f3 $14 {1/2-1/2 Gebhardt,M-Spiegel,S/RLPF-ch Bingen 1991/GER 05 (64)}) 11...
Bxf6 12. exd4 Qc7 (12... d6 13. Ne4 Be7 14. Ng3 Nb8 15. Rfe1 Nd7 16. Rad1 Re8
17. Bc2 Bf8 18. Qd3 g6 19. Re3 Bg7 20. Rde1 a6 21. Ne4 Qc7 22. h4 f5 23. Ned2
e5 24. Qc4+ Qxc4 25. Nxc4 Bxf3 26. gxf3 $16 {Calvo,J-Arnold,F/ESP-chTA Oropesa
del Mar 1996/EXT 97/1-0 (64)}) (12... Re8 13. Ba6 Qc8 14. Bxb7 Qxb7 15. Rfe1 b5
16. a3 Rab8 17. Rad1 d5 18. h3 Rec8 19. Nh2 Qc7 20. Qh5 Be7 21. Ndf3 Bf8 22.
Ne5 Nxe5 23. dxe5 Qe7 24. Re3 Qg5 25. Qxg5 hxg5 26. Rg3 f6 {Galinsky,
T-Mitenkov,A/Moscow-B 1996/EXT 97/0-1 (78)}) 13. Qe3 $1 {[%csl Gh6]} (13. Rfe1
g6 14. Rad1 Bg7 15. h4 Ne7 16. h5 g5 17. Ne5 Nd5 18. g3 d6 19. Ng4 Rae8 20. Ne3
Nxe3 21. Qxe3 f5 22. Bc2 g4 23. f3 gxf3 24. Nxf3 Qf7 25. Ba4 Re7 26. Bb3 Qxh5
27. Bxe6+ Kh8 28. Nh2 Bd5 29. g4 fxg4 30. Bxg4 Rxe3 {0-1 Daschian,N-Lerner,K/
Chigorin mem open, St Petersburg RUS 1997}) 13... Rae8 14. Rfe1 Be7 15. Rad1
Qb8 (15... d5 $11) 16. Bc2 {[%cal Re3d3]} Ba6 17. a4 Qc7 18. Rc1 (18. b4 Nxb4)
18... Bd6 $1 19. g3 Ne7 20. Ne4 Nd5 21. Qd2 Be7 22. Bd3 (22. c4 Qxc4 (22... Bb4
23. Nf6+ $1 Nxf6 24. Qxb4 Bxc4 25. Ne5 $18) 23. Ne5 Qb4 24. Nxd7 Qxd2 25. Nxd2
Bb4 26. Red1 Be2 $15 {[%csl Gd4]}) 22... Bb7 23. Qd1 $6 (23. c4 Nf6) 23... Rc8
24. Bf1 Nf6 25. Ned2 Rfe8 $15 26. Qe2 Bf8 27. Bg2 Bc6 28. Ra1 d6 29. Nh4 Bd7 $1
(29... Bxg2 30. Nxg2 $11) 30. Nhf3 Rb8 31. Nf1 Rbd8 32. Ne3 e5 $1 33. d5 (33.
dxe5 dxe5 $17 {[%cal Ge5e4]}) 33... g6 34. Nd2 h5 $1 35. Nc2 Bh6 36. Nb4 a5 37.
Nc6 Bxc6 38. dxc6 d5 $138 (38... Bxd2 $5 39. Qxd2 d5 40. Qg5 (40. c4 d4 {
[%cal Ge5e4]}) 40... Kg7 41. c4 d4 $1) 39. Nf3 e4 40. Nd4 Ng4 41. c4 $8 Bg7 42.
Nb5 (42. Rad1 dxc4 $1 (42... e3 43. f4 Nf2 44. cxd5 Nxd1 45. Nb5 $1) 43. Qxc4
e3 $1 (43... Bxd4 44. Rxd4 Rxd4 45. Qxd4 Qxc6 46. Bxe4 Qf6 47. Qd2 $11) 44.
fxe3 (44. f4 Nf2 45. Nb5 Rxd1 46. Rxd1 Nxd1 $3 47. Nxc7 e2 48. Nxe8 e1=Q+ 49.
Qf1 Bd4+ 50. Kh1 Nf2+ 51. Kg1 Qxe8 $19) 44... Nxe3 45. Nb5 Rxd1 46. Rxd1 Qe5
47. Qd3 Nxd1 $19) 42... Qxc6 43. cxd5 Rxd5 44. Bxe4 Qd7 $1 $40 {[%csl Rf2]
[%cal Ge8e1,Yd5e5][%mdl 160]} 45. Qf3 Rde5 46. Red1 (46. Rad1 $8 Qe7 47. Nc3)
46... Qe7 47. Bd3 Re6 $19 48. Bf1 Rf6 49. Qa3 Qxa3 50. Rxa3 Bf8 {[%cal Gf8c5,
Yc5f2]} 51. Nc7 Re5 52. Nd5 Rxf2 53. Rc3 Bc5 54. Rxc5 bxc5 55. Nf4 Rxh2 0-1